Middle Eastern Countries By Coastline - Statistics

General Stats
  • This quiz has been taken 76 times
  • The average score is 12 of 16
Answer Stats
Coastline Country % Correct
8,333 Turkey
99%
2,320 Saudi Arabia
86%
2,250 Iran
83%
1,696 Oman
81%
1,906 Yemen
81%
2,900 Egypt
79%
26 Jordan
76%
1,318 United Arab Emirates
74%
181 Kuwait
71%
58 Iraq
69%
225 Lebanon
69%
180 Syria
69%
161 Bahrain
68%
273 Israel
67%
560 Qatar
65%
735 Cyprus
57%
No matching quizzes found
Score Distribution
Percent of People with Each Score
Percentile by Number Answered
Your Score History
You have not taken this quiz